00644nam a2200193Ia 4500003000900000008004100009020001800050040001600068080001700084100002500101245008400126250001200210260003800222300001500260650001900275942000700294999001700301952013200318IN-BaIIA211028s9999 xx 000 0 eng d a9971-51-281-5 cIIA Library a530.145bMER aMerzbacher, E924101 0aQuantum mechanicscE. Merzbacher  a3rd ed. aNew YorkbJohn Wiley & Sonsc1998 axvi, 656p. aquantum theory cBK c13720d13720 00104070aBANbKODcGENd2000-09-20eTBH g399.50l0o530.145/ MERp14639r2021-11-05v399.50w2000-09-20yBKGRs. 399.50